[Event "Cheliabinsk Panchenko Memorial op-A"]
[Site "Cheliabinsk"]
[Date "2022.09.15"]
[Round "4"]
[White "Dovbnia, Nikita"]
[Black "Radzhabov, Rodion"]
[Result "1/2-1/2"]
[WhiteElo "2097"]
[BlackElo "2324"]
[PlyCount "67"]
[EventDate "2022.09.12"]
[EventType "swiss"]
[EventRounds "10"]
[EventCountry "RUS"]
[SourceTitle "CBM 210 Extra"]
[Source "ChessBase"]
[SourceDate "2022.11.30"]
[SourceVersion "1"]
[SourceVersionDate "2022.11.30"]
[SourceQuality "1"]

1. Nf3 d5 2. b3 c5 3. e3 Nf6 4. Bb2 e6 5. Bb5+ Nbd7 6. 0-0 a6 7. Bxd7+ Bxd7 8. Ne5 Be7 9. a4 0-0 10. d3 Qc7 11. Nd2 Rfd8 12. Nxd7 Nxd7 13. Qe2 Bf6 14. Bxf6 Nxf6 15. a5 Nd7 16. f4 Nb8 17. Nf3 Nc6 18. Qd2 Rac8 19. Qc3 d4 20. Qxc5 dxe3 21. Qxe3 Nb4 22. Qd2 Qc3 23. Qxc3 Rxc3 24. Ne1 Nxc2 25. Nxc2 Rxc2 26. Rfc1 Rb2 27. Rc3 g6 28. Re1 Rd7 29. Re4 Ra2 30. b4 h5 31. g3 Rb2 32. Rec4 Rd5 33. Rc2 Rb1+ 34. Rc1 1/2-1/2

[Event "Titled Tuesday intern op 05th Jul Early"]
[Site "Chess.com INT"]
[Date "2022.07.05"]
[Round "2"]
[White "Dovbnia, Nikita"]
[Black "Melikhov, Evgeny V"]
[Result "0-1"]
[WhiteElo "2053"]
[BlackElo "2292"]
[PlyCount "110"]
[EventDate "2022.07.05"]
[EventType "swiss (blitz)"]
[EventRounds "11"]
[EventCountry "USA"]
[SourceTitle "CBM 209 Extra"]
[Source "ChessBase"]
[SourceDate "2022.09.30"]
[SourceVersion "1"]
[SourceVersionDate "2022.09.30"]
[SourceQuality "1"]

1. Nf3 f5 2. b3 Nf6 3. Bb2 g6 4. e3 Bg7 5. c4 d6 6. d4 0-0 7. Nc3 c6 8. Be2 h6 9. 0-0 g5 10. Nd2 e5 11. d5 c5 12. f3 a6 13. a4 Nbd7 14. Re1 Qe8 15. Bf1 Qg6 16. Qe2 g4 17. e4 f4 18. Kh1 h5 19. Qf2 Nh7 20. Qg1 Ndf6 21. Be2 Ng5 22. a5 Rf7 23. Na4 Bf8 24. Nb6 Rb8 25. Nxc8 Rxc8 26. Bc3 Rh7 27. b4 Rcc7 28. b5 Rcg7 29. bxa6 bxa6 30. Rab1 h4 31. fxg4 h3 32. Bf3 hxg2+ 33. Qxg2 Nh3 34. Rf1 Nxg4 35. Bxg4 Qxg4 36. Qxg4 Rxg4 37. Rb6 Rhg7 38. Nf3 Rg2 39. Rxa6 Nf2+ 40. Rxf2 Rxf2 41. Nd2 Rgg2 42. Ra8 Rxh2+ 43. Kg1 Rhg2+ 44. Kh1 Rxd2 45. Bxd2 Rxd2 46. a6 Ra2 47. a7 Kf7 48. Kg1 Be7 49. Kf1 f3 50. Kg1 Kg7 51. Kf1 Bh4 52. Kg1 f2+ 53. Kf1 Ra1+ 54. Kg2 f1Q+ 55. Kh2 Qh1# 0-1

[Event "Titled Tuesday intern op 05th Jul Early"]
[Site "Chess.com INT"]
[Date "2022.07.05"]
[Round "3"]
[White "Quirke, Jeffrey"]
[Black "Dovbnia, Nikita"]
[Result "0-1"]
[WhiteElo "2048"]
[BlackElo "2053"]
[PlyCount "90"]
[EventDate "2022.07.05"]
[EventType "swiss (blitz)"]
[EventRounds "11"]
[EventCountry "USA"]
[SourceTitle "CBM 209 Extra"]
[Source "ChessBase"]
[SourceDate "2022.09.30"]
[SourceVersion "1"]
[SourceVersionDate "2022.09.30"]
[SourceQuality "1"]

1. e4 c6 2. Nf3 d5 3. d3 g6 4. Nbd2 Bg7 5. g3 e5 6. Bg2 Bd7 7. 0-0 d4 8. c3 c5 9. a4 Nc6 10. Nc4 Nge7 11. Nh4 0-0 12. f4 Be6 13. Nf3 Bxc4 14. dxc4 Qd7 15. Ng5 h6 16. Bh3 Qc7 17. Nf3 Rad8 18. Qe2 Rd6 19. Bd2 Rfd8 20. Rad1 f6 21. Nh4 g5 22. fxg5 fxg5 23. Nf5 Nxf5 24. exf5 Bf6 25. Bg2 Ne7 26. Be4 Kg7 27. Qh5 Qd7 28. Rde1 b6 29. h4 Qe8 30. Qxe8 Rxe8 31. h5 Red8 32. Kf2 Nc8 33. Rb1 R6d7 34. b4 Nd6 35. Bd5 e4 36. cxd4 cxd4 37. Kg2 e3 38. Be1 Nf7 39. Be6 Rc7 40. g4 Ne5 41. Bg3 d3 42. Bxe5 Bxe5 43. Rfd1 e2 44. Rd2 Bc3 45. Rbb2 Bxb2 0-1

[Event "Titled Tuesday intern op 05th Jul Early"]
[Site "Chess.com INT"]
[Date "2022.07.05"]
[Round "1"]
[White "Sargsyan, Anna M"]
[Black "Dovbnia, Nikita"]
[Result "1-0"]
[WhiteElo "2378"]
[BlackElo "2053"]
[PlyCount "57"]
[EventDate "2022.07.05"]
[EventType "swiss (blitz)"]
[EventRounds "11"]
[EventCountry "USA"]
[SourceTitle "CBM 209 Extra"]
[Source "ChessBase"]
[SourceDate "2022.09.30"]
[SourceVersion "1"]
[SourceVersionDate "2022.09.30"]
[SourceQuality "1"]

1. d4 Nf6 2. c4 e6 3. Nf3 c5 4. d5 b5 5. dxe6 fxe6 6. cxb5 d5 7. g3 Nbd7 8. Bg2 e5 9. 0-0 Bd6 10. Nc3 d4 11. Ng5 Nf8 12. Bxa8 dxc3 13. Bc6+ Ke7 14. bxc3 h6 15. Nf3 e4 16. Nh4 g5 17. Ng2 Ne6 18. f4 c4 19. fxg5 hxg5 20. Rxf6 Kxf6 21. Qd5 Qe7 22. Be3 Qh7 23. Rf1+ Bf4 24. h4 Nc7 25. Qd4+ Ke7 26. Qc5+ Bd6 27. Bxg5+ Ke6 28. Qxc4+ Ke5 29. Bf6# 1-0

[Event "Titled Tuesday intern op 05th Jul Early"]
[Site "Chess.com INT"]
[Date "2022.07.05"]
[Round "4"]
[White "Topalov, Aleksandar"]
[Black "Dovbnia, Nikita"]
[Result "1-0"]
[WhiteElo "2233"]
[BlackElo "2053"]
[PlyCount "39"]
[EventDate "2022.07.05"]
[EventType "swiss (blitz)"]
[EventRounds "11"]
[EventCountry "USA"]
[SourceTitle "CBM 209 Extra"]
[Source "ChessBase"]
[SourceDate "2022.09.30"]
[SourceVersion "1"]
[SourceVersionDate "2022.09.30"]
[SourceQuality "1"]

1. b3 e5 2. Bb2 f6 3. d4 e4 4. d5 f5 5. e3 Nf6 6. Ne2 g6 7. Nf4 Bg7 8. h4 0-0 9. Nc3 Qe8 10. d6 c6 11. Bc4+ Kh8 12. a4 Na6 13. h5 g5 14. h6 gxf4 15. hxg7+ Kxg7 16. Qd4 c5 17. Qxf6+ Kxf6 18. Nd5+ Kg5 19. exf4+ Kg6 20. Ne7+ 1-0

[Event "Titled Tuesday intern op 05th Apr Early"]
[Site "Chess.com INT"]
[Date "2022.04.05"]
[Round "2"]
[White "Dovbnia, Nikita"]
[Black "Jaskolka, Tomasz"]
[Result "0-1"]
[WhiteElo "2091"]
[BlackElo "2208"]
[PlyCount "120"]
[EventDate "2022.04.05"]
[EventType "swiss (blitz)"]
[EventRounds "11"]
[EventCountry "USA"]
[SourceTitle "CBM 207 Extra"]
[Source "ChessBase"]
[SourceDate "2022.05.31"]
[SourceVersion "1"]
[SourceVersionDate "2022.05.31"]
[SourceQuality "1"]

1. Nf3 d5 2. b3 Bg4 3. Bb2 Bxf3 4. exf3 Nc6 5. Bb5 Nf6 6. Bxc6+ bxc6 7. d3 e6 8. Nd2 Bd6 9. g3 Qe7 10. 0-0 h5 11. f4 h4 12. Nf3 hxg3 13. fxg3 Bc5+ 14. d4 Bd6 15. c4 c5 16. f5 exf5 17. Re1 Ne4 18. cxd5 cxd4 19. Bxd4 Kf8 20. Kg2 Re8 21. Qd3 Qd7 22. Re2 Rh6 23. Rae1 Kg8 24. Nd2 Rd8 25. Nxe4 fxe4 26. Qxe4 Qh3+ 27. Kg1 Bxg3 28. hxg3 Rg6 29. Rg2 Rxg3 30. Rxg3 Qxg3+ 31. Kf1 Rd6 32. Be5 Qh3+ 33. Qg2 Qf5+ 34. Qf2 Qd3+ 35. Qe2 Qh3+ 36. Qg2 Qxg2+ 37. Kxg2 Rxd5 38. Bxc7 Rd2+ 39. Kf3 Rxa2 40. Re2 Ra3 41. Re3 f6 42. Bd6 Ra1 43. Bb8 a6 44. Re6 Kf7 45. Rb6 g5 46. Ke4 Re1+ 47. Kd5 g4 48. Rxa6 Rd1+ 49. Ke4 Kg6 50. Kf4 Rd4+ 51. Kg3 Kg5 52. Bc7 Rd3+ 53. Kg2 f5 54. Bd8+ Rxd8 55. Ra5 Kf4 56. Ra4+ Ke3 57. Ra5 Kf4 58. Ra4+ Kg5 59. b4 Rd2+ 60. Kg3 f4# 0-1

[Event "Titled Tuesday intern op 29th Mar Early"]
[Site "Chess.com INT"]
[Date "2022.03.29"]
[Round "4"]
[White "Dovbnia, Nikita"]
[Black "Czerw, Dawid"]
[Result "0-1"]
[WhiteElo "1944"]
[BlackElo "2398"]
[PlyCount "40"]
[EventDate "2022.03.29"]
[EventType "swiss (blitz)"]
[EventRounds "11"]
[EventCountry "USA"]
[SourceTitle "CBM 207 Extra"]
[Source "ChessBase"]
[SourceDate "2022.05.31"]
[SourceVersion "1"]
[SourceVersionDate "2022.05.31"]
[SourceQuality "1"]

1. d4 Nf6 2. c4 c5 3. Nf3 cxd4 4. Nxd4 Nc6 5. Nc3 g6 6. e4 d6 7. Be2 Nxd4 8. Qxd4 Bg7 9. Be3 0-0 10. Qd3 Nd7 11. f3 Nc5 12. Qd2 a5 13. 0-0 a4 14. Rab1 Be6 15. b4 axb3 16. axb3 Ra3 17. Qc2 Qa8 18. Rf2 f5 19. Nd5 Bxd5 20. exd5 f4 0-1

[Event "Titled Tuesday intern op 29th Mar Early"]
[Site "Chess.com INT"]
[Date "2022.03.29"]
[Round "1"]
[White "Dovbnia, Nikita"]
[Black "Migot, Tangi"]
[Result "0-1"]
[WhiteElo "1944"]
[BlackElo "2353"]
[PlyCount "128"]
[EventDate "2022.03.29"]
[EventType "swiss (blitz)"]
[EventRounds "11"]
[EventCountry "USA"]
[SourceTitle "CBM 207 Extra"]
[Source "ChessBase"]
[SourceDate "2022.05.31"]
[SourceVersion "1"]
[SourceVersionDate "2022.05.31"]
[SourceQuality "1"]

1. Nf3 e6 2. b3 b6 3. Bb2 Bb7 4. c4 Nf6 5. g3 Be7 6. Bg2 0-0 7. 0-0 c5 8. d4 cxd4 9. Nxd4 Bxg2 10. Kxg2 Qc8 11. Nd2 Qb7+ 12. N2f3 d5 13. cxd5 Qxd5 14. Kg1 Nc6 15. Nxc6 Qxc6 16. Rc1 Qb7 17. Qd3 Rfd8 18. Qb1 Ne4 19. Rfd1 Rac8 20. Rxd8+ Rxd8 21. Rd1 Rxd1+ 22. Qxd1 f6 23. Kf1 Ng5 24. Qd3 Qc6 25. h4 Nxf3 26. exf3 b5 27. Kg2 a5 28. h5 a4 29. bxa4 bxa4 30. g4 h6 31. Qg6 Kf8 32. Qd3 Bd6 33. Bc3 Be7 34. Bd2 e5 35. Be3 Qe6 36. Qc2 a3 37. Kh3 Qd5 38. Kg3 Kf7 39. Qg6+ Kg8 40. Qe8+ Bf8 41. Qb8 e4 42. fxe4 Qxe4 43. Bc5 Qe5+ 44. Qxe5 fxe5 45. Bxf8 Kxf8 46. Kf3 Kf7 47. Ke4 Kf6 48. f3 Ke6 49. Ke3 Kd5 50. Kd3 Kc5 51. Ke4 Kc4 52. Kxe5 Kc3 53. g5 hxg5 54. Kf5 Kb2 55. Kg6 Kxa2 56. Kxg7 Kb1 57. h6 a2 58. h7 a1Q+ 59. Kg8 Qa8+ 60. Kg7 Qxf3 61. h8Q Qc3+ 62. Kh7 Qxh8+ 63. Kxh8 g4 64. Kh7 g3 0-1

[Event "Titled Tuesday intern op 29th Mar Early"]
[Site "Chess.com INT"]
[Date "2022.03.29"]
[Round "2"]
[White "Fromm, Marius"]
[Black "Dovbnia, Nikita"]
[Result "0-1"]
[WhiteElo "2334"]
[BlackElo "1944"]
[PlyCount "76"]
[EventDate "2022.03.29"]
[EventType "swiss (blitz)"]
[EventRounds "11"]
[EventCountry "USA"]
[SourceTitle "CBM 207 Extra"]
[Source "ChessBase"]
[SourceDate "2022.05.31"]
[SourceVersion "1"]
[SourceVersionDate "2022.05.31"]
[SourceQuality "1"]

1. e4 e5 2. Nf3 Nf6 3. Nxe5 d6 4. Nf3 Nxe4 5. d4 d5 6. Bd3 Bd6 7. 0-0 0-0 8. c4 c6 9. Re1 Bf5 10. Qb3 Qd7 11. Nc3 dxc4 12. Bxc4 Nxc3 13. bxc3 Na6 14. Ne5 Bxe5 15. Rxe5 Bg6 16. Ba3 Rfe8 17. Rae1 b5 18. Bf1 Rxe5 19. Rxe5 Nc7 20. Re7 Qd8 21. c4 bxc4 22. Bxc4 Nd5 23. Rb7 Qe8 24. Qd1 Rb8 25. Rxb8 Qxb8 26. Bc5 a5 27. Qb3 Qe8 28. Qd1 h6 29. h3 Kh7 30. Qe2 Qb8 31. Bb3 a4 32. Bxa4 Nc3 33. Qa6 Qb1+ 34. Kh2 Qxa2 35. Qxc6 Qxa4 36. Qc7 Ne4 37. Qf4 Nxc5 38. dxc5 Qxf4+ 0-1

[Event "Urals-ch"]
[Site "Cheliabinsk"]
[Date "2022.03.23"]
[Round "8"]
[White "Belyakov, Bogdan"]
[Black "Dovbnia, Nikita"]
[Result "1-0"]
[WhiteElo "2444"]
[BlackElo "1944"]
[PlyCount "45"]
[EventDate "2022.03.16"]
[EventType "swiss"]
[EventRounds "9"]
[EventCountry "RUS"]
[SourceTitle "CBM 207 Extra"]
[Source "ChessBase"]
[SourceDate "2022.05.31"]
[SourceVersion "1"]
[SourceVersionDate "2022.05.31"]
[SourceQuality "1"]

1. e4 e5 2. Nf3 Nf6 3. d4 Nxe4 4. Bd3 d5 5. Nxe5 Nd7 6. Nc3 Nxc3 7. bxc3 Nxe5 8. dxe5 Bc5 9. 0-0 0-0 10. Qh5 g6 11. Qh6 Re8 12. Bg5 Qd7 13. Bf6 Bf8 14. Qd2 Be7 15. Rae1 Qc6 16. Qg5 Bxf6 17. exf6 Re6 18. Rxe6 Qxe6 19. f4 h6 20. Qh4 Bd7 21. Kh1 Kh7 22. f5 gxf5 23. Rf2 1-0

[Event "Urals-ch"]
[Site "Cheliabinsk"]
[Date "2022.03.19"]
[Round "4"]
[White "Dovbnia, Nikita"]
[Black "Rozhkov, Viacheslav"]
[Result "1/2-1/2"]
[WhiteElo "1944"]
[BlackElo "2233"]
[PlyCount "34"]
[EventDate "2022.03.16"]
[EventType "swiss"]
[EventRounds "9"]
[EventCountry "RUS"]
[SourceTitle "CBM 207 Extra"]
[Source "ChessBase"]
[SourceDate "2022.05.31"]
[SourceVersion "1"]
[SourceVersionDate "2022.05.31"]
[SourceQuality "1"]

1. Nf3 d5 2. b3 Nf6 3. Bb2 e6 4. c4 Be7 5. g3 c5 6. cxd5 exd5 7. d4 Nc6 8. Bg2 0-0 9. 0-0 Bf5 10. Nc3 cxd4 11. Nxd4 Bg6 12. Rc1 Rc8 13. Bh3 Rb8 14. Bg2 Rc8 15. Bh3 Rb8 16. Bg2 Re8 17. e3 Bf8 1/2-1/2

[Event "Urals-ch"]
[Site "Cheliabinsk"]
[Date "2022.03.17"]
[Round "2"]
[White "Dovbnia, Nikita"]
[Black "Zemlyanskii, Ivan"]
[Result "1/2-1/2"]
[WhiteElo "1944"]
[BlackElo "2343"]
[PlyCount "103"]
[EventDate "2022.03.16"]
[EventType "swiss"]
[EventRounds "9"]
[EventCountry "RUS"]
[SourceTitle "CBM 207 Extra"]
[Source "ChessBase"]
[SourceDate "2022.05.31"]
[SourceVersion "1"]
[SourceVersionDate "2022.05.31"]
[SourceQuality "1"]

1. d4 Nf6 2. c4 e6 3. Nf3 b6 4. g3 Ba6 5. b3 Bb4+ 6. Bd2 Be7 7. Bg2 d5 8. Ne5 0-0 9. 0-0 Bb7 10. Nc3 Nbd7 11. Rc1 Re8 12. Bf4 Nf8 13. Qd3 a6 14. Rfd1 Rc8 15. e4 dxc4 16. bxc4 c5 17. d5 exd5 18. exd5 Bd6 19. Nc6 Qc7 20. Bg5 N8d7 21. Bxf6 Nxf6 22. Ne4 Nxe4 23. Bxe4 g6 24. Kg2 b5 25. Bf3 b4 26. Re1 Rxe1 27. Rxe1 Ra8 28. h4 h5 29. Be4 Re8 30. Re3 Kg7 31. Bf3 Qd7 32. Rxe8 Qxe8 33. Qd2 Bc8 34. Qb2+ f6 35. a3 bxa3 36. Qxa3 Qe1 37. Nd8 Qb4 38. Ne6+ Bxe6 39. Qxa6 Bxd5 40. Bxd5 Qb8 41. Qc6 Qd8 42. Qb7+ Qe7 43. Qc8 Qf8 44. Qe6 Be7 45. Kh3 f5 46. Kg2 Bf6 47. Qd7+ Qe7 48. Qc8 Qf8 49. Qe6 Qe7 50. Qg8+ Kh6 51. Qb8 Kg7 52. Qg8+ 1/2-1/2

[Event "Titled Tuesday intern op 08th Mar Early"]
[Site "Chess.com INT"]
[Date "2022.03.08"]
[Round "1"]
[White "Ianov, Viktor"]
[Black "Dovbnia, Nikita"]
[Result "1-0"]
[WhiteElo "2279"]
[BlackElo "1944"]
[PlyCount "105"]
[EventDate "2022.03.08"]
[EventType "swiss (blitz)"]
[EventRounds "11"]
[EventCountry "USA"]
[SourceTitle "CBM 207 Extra"]
[Source "ChessBase"]
[SourceDate "2022.05.31"]
[SourceVersion "1"]
[SourceVersionDate "2022.05.31"]
[SourceQuality "1"]

1. Nf3 Nf6 2. g3 g6 3. b3 Bg7 4. Bb2 0-0 5. Bg2 c5 6. c4 Nc6 7. d4 cxd4 8. Nxd4 Qc7 9. 0-0 b6 10. Nc3 Bb7 11. Ndb5 Qc8 12. Rc1 d6 13. h3 a6 14. Na3 Qc7 15. Qd2 Rac8 16. Nd5 Qd8 17. Bxf6 exf6 18. Rfd1 f5 19. Nc2 b5 20. Nce3 bxc4 21. Nxc4 Ne5 22. Nf6+ Qxf6 23. Bxb7 Rcd8 24. Bxa6 Nxc4 25. Bxc4 g5 26. Bd5 f4 27. g4 h5 28. Kg2 Qe5 29. Rc7 Rde8 30. Bf3 hxg4 31. hxg4 f5 32. Qd5+ Qxd5 33. Rxd5 fxg4 34. Bxg4 Be5 35. b4 Ra8 36. Rd2 Rfb8 37. Rc4 Ra4 38. b5 Ra5 39. Bd7 Kf7 40. Bc6 Ke6 41. f3 Kf5 42. Rdc2 Ke6 43. Rd2 Kf6 44. Rc1 Rc8 45. Rh1 Rb8 46. Rh6+ Kg7 47. Rh2 Kf6 48. Rc2 Rc8 49. Rh6+ Kf7 50. Bd5+ Kg7 51. Rxc8 Kxh6 52. Bc4 Ra6 53. bxa6 1-0